000 00893nam a2200229 a 4500
003 BLK
005 20250613093759.0
008 210525b bu |||||r|||| 00| | bu d
020 _a9786191573530
040 _aBLK
041 _aBUL
_cBUL
080 _aАмериканска литература (на САЩ)
_b821.111(73)
_z821.111(73)-31
100 _91299
_aЕлстън, Ашли
_eпърви автор
245 _aДесет слепи срещи
_cАшли Елстън ; прев. от англ. Боряна Даракчиева
260 _9213219
_aСофия
_bИбис
_c2020
_n978-619-157- ; 978-954-9321-
300 _a272 с.
_c20 см
380 _aX
700 _91021
_aДаракчиева, Боряна Неделчева
_eпрев. от англ.
852 _aЦб 305471
_bЦб
942 _cKNG
_n0
_014
999 _c415786
_d415786
944 _k30542
_lРусанова Ирена